Ян Бибиян | Ян Бибиян на Луната (Запис номер 148088)
[ съкратено ]
| 000 -Лидер | |
|---|---|
| Лидер | 01194nam a2200337 a 4500 |
| 003 - Код на организацията, давaща контролен номер | |
| Код на организацията, даваща контролен номер | BLK |
| 005 - Дата и час на последна редакция | |
| Дата и час на последна редакция | 20250721114559.0 |
| 008 - Елементи от данни с фиксирана дължина | |
| Елементи с фиксирана дължина | 180410b bul|||||r ||||||| ||bul|| |
| 020 ## - Международен стандартен номер на книга ISBN | |
| ISBN | 9546572861 |
| 020 ## - Международен стандартен номер на книга ISBN | |
| ISBN | 9789546572868 |
| 040 ## - Източник на каталожния запис | |
| Код на библиотеката | BLK |
| 041 ## - Код за език | |
| Език | Български |
| Език за КДБФ | Български |
| 080 ## - УДК | |
| УДК текст | Българска литература |
| УДК код | 821.163.2 |
| УДК – определител | -93-34 |
| УДК – код + определител | 821.163.2-93-34 |
| 084 ## - Класификационен индекс по друга класификация | |
| Авторски знак | Елин Пелин - Е 53 |
| 100 ## - Редна дума - Автор | |
| Автор | Елин Пелин |
| Пълна форма на името | Стоянов, Димитър Иванов |
| R(LIN) | 363511 |
| 245 10 - Сведения за заглавието | |
| Заглавие | Ян Бибиян |
| Авторска отговорност | Елин Пелин ; худож. Минчо Никифоров |
| 245 10 - Сведения за заглавието | |
| Заглавие | Ян Бибиян на Луната |
| 257 ## - Страна на издаване | |
| Страна на създаване/издаване | България |
| 260 ## - Област на издателските данни | |
| Място на издаване | София |
| Име на издателя | ПАН |
| Година на издаване | 2005 |
| Печатница | София : Инвестпрес |
| 300 ## - Физическа характеристика | |
| Брой страници | 288 с. |
| Размер | 20 см |
| 380 ## - Жанр | |
| Жанр | Детска худож. лит. |
| 490 ## - СЕРИИ (Колекции) | |
| Серия | Вечните детски романи |
| Номер в серията | 25 |
| 500 ## - Общи забележки | |
| Обща забележка | 1. изд. 1948. - Доп. тир. 2021 |
| 700 1# - Други автори (авторска отговорност) | |
| Друг автор | Никифоров, Минчо Христов |
| Авт. отговорност на др. автор | худож. |
| 9 (RLIN) | 374999 |
| 852 ## - Местоположение | |
| Сигнатура (форматна) | Цб 267031 |
| Отдел | Хранилище |
| 852 ## - Местоположение | |
| Отдел | Детски отдел |
| Систематично-азбучна сигнатура | 821.163.2-93/Е 53 П |
| 942 ## - АРТИКУЛИ | |
| Вид на библиотечния документ | Книги |
| Скрит в OPAC | Не |
| Koha issues (borrowed), all copies | 10 |
| 944 ## - СЪЗДАВАНЕ И РЕДАКЦИЯ на ЗАПИСА | |
| Създаване/Редакция | Създаване |
| Дата на регистрацията/редакция | 05.12.2013 |
| Номер на служител | Моника Янева |
| Служител, извършил регистрацията/редакцията | 30570 |
| 999 ## - СИСТЕМНИ КОНТРОЛНИ НОМЕРА | |
| Koha biblionumber | 148088 |
| Koha biblioitemnumber | 148088 |
| 999 ## - СИСТЕМНИ КОНТРОЛНИ НОМЕРА | |
| Koha biblioitemnumber | 148088 |
| Код за отписване | Код за изгубен артикул | Код за повреда | Коз за рестрикции | Код за отдаване | Артикулен № | Име на библиотеката - собственик | Име на библиотеката, в която се намира в момента | Статус (Текущо местоположение) | Дата на вписване в системата | Местоположение - отдел | Цена в лева | Инвентарен номер | Систематично азбучна сигнатура | Баркод | Номер на екземпляра | Цена в евро | Служебна бележка | Служебен тип на артикула | Източник на класификационната схема |
|---|---|---|---|---|---|---|---|---|---|---|---|---|---|---|---|---|---|---|---|
| Изтеглен | Не е изгубен | Не е повреден | без рестрикции | заемане за дома | 246169 | Регионална библиотека "Любен Каравелов" Русе | Регионална библиотека "Любен Каравелов" Русе | Детски отдел | 2013-12-05 | Детски отдел | 4.90 | 120000772423 | ДХ 886.7/Е 53 | 120000772423 | 1 | 2.51 | Дост: Ak Вид: Г N: 18 Дата: 05.12.2013 Дата инв: 04.08.2015 Бележки инв: Д2015 | Книги | |
| Изтеглен | Не е изгубен | Не е повреден | без рестрикции | заемане за дома | 833457 | Регионална библиотека "Любен Каравелов" Русе | Регионална библиотека "Любен Каравелов" Русе | Детски отдел | 2021-05-31 | Детски отдел | 4.90 | 821.163.2-93/Е 53 | 120000855360 | 2.51 | Книги | Universal Decimal Classification | |||
| Изтеглен | Не е изгубен | Не е повреден | без рестрикции | заемане за дома | 833458 | Регионална библиотека "Любен Каравелов" Русе | Регионална библиотека "Любен Каравелов" Русе | Детски отдел | 2021-05-31 | Детски отдел | 4.90 | 821.163.2-93/Е 53 | 120000855355 | 2.51 | Книги | Universal Decimal Classification | |||
| Изтеглен | Не е изгубен | Не е повреден | без рестрикции | заемане за дома | 833459 | Регионална библиотека "Любен Каравелов" Русе | Регионална библиотека "Любен Каравелов" Русе | Детски отдел | 2021-05-31 | Детски отдел | 4.90 | 821.163.2-93/Е 53 | 120000855353 | 2.51 | Книги | Universal Decimal Classification | |||
| Не е изгубен | Не е повреден | заемане за дома | 939794 | Регионална библиотека "Любен Каравелов" Русе | Регионална библиотека "Любен Каравелов" Русе | Детски отдел | 2024-02-01 | Детски отдел | 6.90 | 120000898823 | 821.163.2-93/Е 53 | 120000898823 | 3.53 | Книги | Universal Decimal Classification | ||||
| Не е изгубен | Не е повреден | заемане за дома | 945829 | Регионална библиотека "Любен Каравелов" Русе | Регионална библиотека "Любен Каравелов" Русе | Детски отдел | 2024-07-11 | Детски отдел | 6.90 | 120000910971 | 821.163.2-93/Е 53 | 120000910971 | 3.53 | Книги | Universal Decimal Classification | ||||
| Не е изгубен | Не е повреден | заемане за дома | 950158 | Регионална библиотека "Любен Каравелов" Русе | Регионална библиотека "Любен Каравелов" Русе | Детски отдел | 2024-09-30 | Детски отдел | 6.90 | 120000913513 | 821.163.2-93/Е 53 | 120000913513 | 3.53 | Книги | Universal Decimal Classification |